000 00329 a2200145 4500
001 167835
020 _a
040 _cMagnum
100 _aGuimaraes, Angelo de Moura
240 1 0 _aIntroducao a ciencia da computacao
_lpor
245 1 0 _aIntroducao a ciencia da computacao
362 0 _a1899
697 _aGERAL
942 _cBK
999 _c167835
_d167835